| 000 | 00528nam a2200169 i 4500 | ||
|---|---|---|---|
| 001 | 120670 | ||
| 003 | ES-MaACL | ||
| 005 | 20230906191610.0 | ||
| 007 | t| | ||
| 008 | 070214s1968 sp r ||||1| spa d | ||
| 245 | 0 | 0 | _aPracticantes ayudantes técnicos sanitarios de zona de la Seguridad Social. |
| 260 |
_aMadrid : _bPons, _c1968. |
||
| 300 |
_a2 v. ; _c31 cm. |
||
| 533 | _aMulticop. | ||
| 650 | 4 |
_aAyudantes técnicos sanitarios- _zEspaña- _vContestaciones para oposiciones. _9169276 |
|
| 852 |
_aES-MaACL _jP-1264 _bR.67962 |
||
| 999 |
_c120670 _d120670 |
||